Lý luận về tôn giáo và tình hình tôn giáo ở Việt Nam : Sách tham khảo /

Gespeichert in:
Bibliographische Detailangaben
1. Verfasser: Đặng Nghiêm Vạn.
Format: Sách giấy
Sprache:Vietnamese
Veröffentlicht: H. : Chính trị Quốc gia , 2007.
Schlagworte:
Tags: Tag hinzufügen
Keine Tags, Fügen Sie den ersten Tag hinzu!
Thư viện lưu trữ: Thư viện Trường Đại học Đà Lạt
LEADER 00863nam a2200313 4500
001 DLU090064849
005 ##20090107
040 # # |a DLU  |b vie 
041 # # |a vie 
044 # # |a vn 
082 # # |a 299.592  |b DA-V 
100 # # |a Đặng Nghiêm Vạn. 
245 # # |a Lý luận về tôn giáo và tình hình tôn giáo ở Việt Nam :  |b Sách tham khảo /  |c Đặng Nghiêm Vạn. 
260 # # |a H. :  |b Chính trị Quốc gia ,  |c 2007. 
300 # # |a 534 tr. ;  |c 21 cm. 
504 # # |a Tài liệu tham khảo: tr.523-532. 
650 # # |a Tôn giáo  |z Việt Nam  |x Khía cạnh xã hội. 
650 # # |a Tôn giáo  |z Việt Nam. 
923 # # |a 20/2008 
991 # # |a SH 
992 # # |a 45000 
994 # # |a DLU 
900 # # |a True 
911 # # |a Đào Thị Thu Huyền 
925 # # |a G 
926 # # |a A 
927 # # |a SH 
980 # # |a Thư viện Trường Đại học Đà Lạt